Statistics for Countries with the most Military Aicraft

Click here to take the quiz!

General Stats

  • This quiz has been taken 910 times
  • The average score is 18 of 25

Answer Stats

HintAnswer% Correct
15,293United States of America
100%
5,048China
98%
4,498Russia
97%
1,412United Kingdom
97%
925Germany
91%
1,962India
87%
1,252Japan
86%
770Italy
81%
871South Korea
79%
618Spain
78%
822Brazil
77%
1,667North Korea
77%
1,858Iran
76%
1,531Pakistan
74%
863Egypt
68%
656Israel
66%
1,512Turkey
66%
587Ukraine
64%
587Poland
63%
977Saudi Arabia
62%
644Vietnam
52%
743Thailand
48%
805Taiwan
46%
695Syria
45%
621Libya
24%

Score Distribution

Percentile by Number Answered

Percent of People with Each Score

Your Score History

You have not taken this quiz